La conquista de Madrid (Record no. 157093)

MARC details
000 -LEADER
campo de control de longitud fija 01454nam a2200253 i 4500
001 - NÚMERO DE CONTROL
campo de control 157093
003 - IDENTIFICADOR DE NÚMERO DE CONTROL
campo de control ES-MaACL
005 - FECHA Y HORA DE LA ÚLTIMA TRANSACCIÓN
campo de control 20250824063050.0
008 - DATOS DE LONGITUD FIJA--INFORMACIÓN GENERAL
campo de control de longitud fija 000306s1863 sp |||| | spa d
100 1# - ENTRADA PRINCIPAL--NOMBRE DE PERSONA
Nombre de persona Larra y Wetoret, Luis Mariano de,
Fechas asociadas al nombre 1830-1901
9 (RLIN) 70289
245 13 - MENCIÓN DEL TÍTULO
Título La conquista de Madrid
Resto del título : zarzuela en tres actos y en verso /
Mención de responsabilidad, etc. original de Luis Mariano de Larra ; música de Joaquín Gaztambide.
260 ## - PUBLICACIÓN, DISTRIBUCIÓN, ETC.
Lugar de publicación, distribución, etc. Madrid :
Nombre del editor, distribuidor, etc. [s.n.],
Fecha de publicación, distribución, etc. 1863 (
Fabricante Imp. de José Rodríguez)
300 ## - DESCRIPCIÓN FÍSICA
Extensión 102 p. ;
Dimensiones 20 cm.
500 ## - NOTA GENERAL
Nota general En port.: Representada por primera vez en el Teatro de la Zarzuela el 19 de diciembre de 1863.
500 ## - NOTA GENERAL
Nota general Solo la letra.
520 3# - RESUMEN, ETC.
Sumario, etc. La escena en Madrid en los actos primero y tercero, y en el arrabal de S. Ginés en el segundo. Año de 1083.
530 ## - NOTA DISPONIBLE DE FORMULARIO FÍSICO ADICIONAL
Nota de formato físico adicional disponible Disponible en formato digital.
595 ## -
-- En p.8: "Los comisionados de la Galería dramática y lírica titulada El Teatro, son los exclusivos encargados ..."
700 1# - ENTRADA AGREGADA--NOMBRE PERSONAL
Nombre de persona Gaztambide, Joaquín.
9 (RLIN) 56168
852 ## - LOCALIZACIÓN
Ubicación ES-MaACL
Número de control de estantería D-2486(6)
Nota libre - Enc. hol.
-- . - Legado M. de la Fuente
condición física - Falto de cub. original
Nota libre - Enc. en un vol. facticio
852 ## - LOCALIZACIÓN
Ubicación ES-MaACL
Número de control de estantería F-8611(3)
Nota libre - Enc. pasta española
condición física - Falto de cub. original
Nota libre - Enc. en un vol. facticio formando parte de la col. facticia "Teatro español moderno", v. 66
856 ## - LOCALIZACIÓN Y ACCESO ELECTRÓNICOS
Identificador Uniforme de Recursos <a href="http://bdh-rd.bne.es/viewer.vm?id=0000113747&page=1 ">http://bdh-rd.bne.es/viewer.vm?id=0000113747&page=1 </a>
Nota pública Biblioteca Digital Hispánica
Holdings
Estatus retirado Estado de pérdida Estado de daño No para préstamo Colección Biblioteca de origen Biblioteca actual Ubicación en estantería Fecha de adquisición Total de préstamos Signatura topográfica completa Código de barras Visto por última vez Precio de reemplazo Tipo de ítem Koha
        Colección digital Biblioteca del Ateneo de Madrid Biblioteca del Ateneo de Madrid Sala Pecera Planta 2 17/01/2008   F-8611(3) 1164367 23/02/2023 23/02/2023 Libro impreso antiguo
        Colección digital Biblioteca del Ateneo de Madrid Biblioteca del Ateneo de Madrid Sala Valle Inclán 17/01/2008   D-2486(6) 901164366 23/02/2023 23/02/2023 Libro impreso antiguo